Quizzes
Events
Quiz Creation
Community
Videos
Private Events
Remove Ads
Sign In
Join for FREE
Feedback
Dark Mode
Quiz Categories
Sports
Geography
Music
Movies
Television
Just For Fun
Miscellaneous
History
Literature
Language
Science
Gaming
Entertainment
Religion
Holiday
For Kids
Quiz Lab
Recent
Popular Today
Quiz Kudos Today
Editor Picks
Curator Picks
Quizzes by...
Day
Popularity
Type
Ratings
Length
Year
Community
Subscriptions
Recent Discussions
Orange Saloon
Badges
Playlists
Quests
Create
Leaderboards
Showdown
Live 5
Trivia Bingo
Activity
Puzzle Library
Sporcle Events
Private Events
Virtual Trivia
Globe League
Become a Host
Pub Owners
SporcleCon
Opinionation
Our Games
Videos
Blog
Mobile Apps
Partnerships
Remove Ads and Go Orange
Feedback
Sports
Athletes
MLB
NBA
NHL
NFL
Soccer
Sports Teams
WWE
NCAA
Football
Premier League
Basketball
Baseball
Hockey
Golf
Tennis
Cricket
Rugby
Auto Racing
Olympics
World Cup
Sports
Athletes
MLB
NBA
NHL
NFL
Soccer
Sports Teams
WWE
NCAA
Football
Premier League
Basketball
Baseball
Hockey
Golf
Tennis
Cricket
Rugby
Auto Racing
Olympics
World Cup
Random Quiz
Search Sporcle
×
Quiz Lab
Quiz Lab
Sports
WWE
Type in answers that appear in a list
Type in answers that appear in a list
Classic
Best Score? Go Orange.
Edge's WWF/WWE Opponents Part 2 Stats
Can you name the WWF/WWE Opponents of Edge (PPV and non-PPV) Part 2?
By
CosmoBrown
10m
198 Questions
734 Plays
734 Plays
734 Plays
Comments
Comments
Give Quiz Kudos
Give Quiz Kudos
-
- Ratings
hide this ad
Replay
Link that replays current quiz
Next Quiz
Link to next quiz in quiz playlist
You Got
0%
They Got
Avg Score
87%
Avg Friend Score
Upgrade to see
Score Distribution
Jump to the score distribution portion of the page
Score
0/198
Timer
10:00
0
Plays Today
Event
Wrestler
% Correct
Raw (15th May 2000)
Jeff Hardy
97%
Raw (15th May 2000)
Matt Hardy
97%
King of the Ring (25th June 2000)
Jeff Hardy
97%
King of the Ring (25th June 2000)
Matt Hardy
97%
Raw (24th July 2000)
Jeff Hardy
97%
Raw (24th July 2000)
Matt Hardy
97%
Raw (31st July 2000)
Jeff Hardy
97%
Raw (31st July 2000)
Matt Hardy
97%
Smackdown (3rd August 2000)
Matt Hardy
97%
Raw (7th August 2000)
Matt Hardy
97%
Smackdown (17th August 2000)
Jeff Hardy
97%
Smackdown (24th August 2000)
Jeff Hardy
97%
Smackdown (24th August 2000)
Matt Hardy
97%
Summerslam (27th August 2000)
Jeff Hardy
97%
Summerslam (27th August 2000)
Matt Hardy
97%
Smackdown (31st August 2000)
Jeff Hardy
97%
Smackdown (31st August 2000)
Matt Hardy
97%
Smackdown (14th September 2000)
Jeff Hardy
97%
Smackdown (14th September 2000)
Matt Hardy
97%
Unforgiven (24th September 2000)
Jeff Hardy
97%
Unforgiven (24th September 2000)
Matt Hardy
97%
Raw (25th September 2000)
Jeff Hardy
97%
Raw (25th September 2000)
Matt Hardy
97%
No Mercy (22nd October 2000)
Jeff Hardy
97%
No Mercy (22nd October 2000)
Matt Hardy
97%
Smackdown (9th November 2000)
Jeff Hardy
97%
Smackdown (9th November 2000)
Matt Hardy
97%
Survivor Series (19th November 2000)
Jeff Hardy
97%
Survivor Series (19th November 2000)
Matt Hardy
97%
Raw (19th March 2001)
Jeff Hardy
97%
Raw (19th March 2001)
Matt Hardy
97%
Raw (26th March 2001)
Jeff Hardy
97%
Raw (26th March 2001)
Matt Hardy
97%
Wrestlemania X-
Seven (1st April 2001)
Jeff Hardy
97%
Wrestlemania X-
Seven (1st April 2001)
Matt Hardy
97%
Raw (23rd April 2001)
Jeff Hardy
97%
Raw (23rd April 2001)
Matt Hardy
97%
Raw (30th April 2001)
Matt Hardy
97%
Smackdown (3rd May 2001)
Matt Hardy
97%
Insurrextion (5th May 2001)
Jeff Hardy
97%
Insurrextion (5th May 2001)
Matt Hardy
97%
Raw (5th June 2000)
Bubba Ray Dudley
95.9%
Smackdown (8th June 2000)
Bubba Ray Dudley
95.9%
Raw (24th July 2000)
Bubba Ray Dudley
95.9%
Smackdown (27th July 2000)
Bubba Ray Dudley
95.9%
Smackdown (10th August 2000)
Bubba Ray Dudley
95.9%
Summerslam (27th August 2000)
Bubba Ray Dudley
95.9%
Raw (16th October 2000)
Bubba Ray Dudley
95.9%
Raw (6th November 2000)
Bubba Ray Dudley
95.9%
Survivor Series (19th November 2000)
Bubba Ray Dudley
95.9%
Rebellion (2nd December 2000)
Bubba Ray Dudley
95.9%
Armageddon (10th December 2000)
Bubba Ray Dudley
95.9%
Raw (11th December 2000)
Bubba Ray Dudley
95.9%
Smackdown (14th December 2000)
Bubba Ray Dudley
95.9%
Raw (25th December 2000)
Bubba Ray Dudley
95.9%
Raw (1st January 2001)
Bubba Ray Dudley
95.9%
Smackdown (11th January 2001)
Bubba Ray Dudley
95.9%
Smackdown (18th January 2001)
Bubba Ray Dudley
95.9%
Royal Rumble (21st January 2001)
Bubba Ray Dudley
95.9%
Smackdown (8th Febuary 2001)
Bubba Ray Dudley
95.9%
No Way Out (25th Febuary 2001)
Bubba Ray Dudley
95.9%
Smackdown (22nd March 2001)
Bubba Ray Dudley
95.9%
Wrestlemania X-
Seven (1st April 2001)
Bubba Ray Dudley
95.9%
Insurrextion (5th May 2001)
Bubba Ray Dudley
95.9%
Raw (5th June 2000)
D-Von Dudley
95.8%
Smackdown (8th June 2000)
D-Von Dudley
95.8%
Event
Wrestler
% Correct
Raw (24th July 2000)
D-Von Dudley
95.8%
Smackdown (27th July 2000)
D-Von Dudley
95.8%
Smackdown (10th August 2000)
D-Von Dudley
95.8%
Smackdown (17th August 2000)
D-Von Dudley
95.8%
Summerslam (27th August 2000)
D-Von Dudley
95.8%
Raw (16th October 2000)
D-Von Dudley
95.8%
Raw (6th November 2000)
D-Von Dudley
95.8%
Survivor Series (19th November 2000)
D-Von Dudley
95.8%
Rebellion (2nd December 2000)
D-Von Dudley
95.8%
Armageddon (10th December 2000)
D-Von Dudley
95.8%
Raw (11th December 2000)
D-Von Dudley
95.8%
Smackdown (14th December 2000)
D-Von Dudley
95.8%
Raw (25th December 2000)
D-Von Dudley
95.8%
Raw (1st January 2001)
D-Von Dudley
95.8%
Smackdown (11th January 2001)
D-Von Dudley
95.8%
Royal Rumble (21st January 2001)
D-Von Dudley
95.8%
Smackdown (8th Febuary 2001)
D-Von Dudley
95.8%
No Way Out (25th Febuary 2001)
D-Von Dudley
95.8%
Smackdown (22nd March 2001)
D-Von Dudley
95.8%
Wrestlemania X-
Seven (1st April 2001)
D-Von Dudley
95.8%
Insurrextion (5th May 2001)
D-Von Dudley
95.8%
Smackdown (22nd March 2001)
Spike Dudley
94.7%
Raw (23rd October 2000)
Dos
93.6%
Raw (23rd October 2000)
Uno
93.6%
Raw (26th June 2000)
The Undertaker
91.7%
Smackdown (29th June 2000)
The Undertaker
91.7%
Raw (3rd July 2000)
The Undertaker
91.7%
Raw (4th September 2000)
The Undertaker
91.7%
Raw (13th November 2000)
The Undertaker
91.7%
Raw (20th November 2000)
The Undertaker
91.7%
Smackdown (30th November 2000)
The Undertaker
91.7%
Raw (18th December 2000)
The Undertaker
91.7%
Smackdown (21st December 2000)
The Undertaker
91.7%
Raw (12th Febuary 2001)
The Undertaker
91.7%
Smackdown (22nd Febuary 2001)
The Undertaker
91.7%
No Way Out (25th Febuary 2001)
The Undertaker
91.7%
Smackdown (19th April 2001)
The Undertaker
91.7%
Raw (23rd April 2001)
The Undertaker
91.7%
Raw (26th June 2000)
Kane
91.3%
Smackdown (29th June 2000)
Kane
91.3%
Raw (3rd July 2000)
Kane
91.3%
Smackdown (27th July 2000)
Kane
91.3%
Raw (12th Febuary 2001)
Kane
91.3%
Smackdown (15th Febuary 2001)
Kane
91.3%
Smackdown (22nd Febuary 2001)
Kane
91.3%
No Way Out (25th Febuary 2001)
Kane
91.3%
Smackdown (19th April 2001)
Kane
91.3%
Raw (23rd April 2001)
Kane
91.3%
Smackdown (26th April 2001)
Kane
91.3%
Smackdown (1st June 2000)
The Rock
88.6%
Smackdown (5th July 2000)
The Rock
88.6%
Raw (17th July 2000)
The Rock
88.6%
Raw (4th September 2000)
The Rock
88.6%
Smackdown (7th September 2000)
The Rock
88.6%
Smackdown (30th November 2000)
The Rock
88.6%
Raw (11th December 2000)
The Rock
88.6%
Raw (18th December 2000)
The Rock
88.6%
Smackdown (21st December 2000)
The Rock
88.6%
Smackdown (22nd Febuary 2001)
The Rock
88.6%
Raw (5th June 2000)
Chris Jericho
86.6%
Raw (19th June 2000)
Chris Jericho
86.6%
Smackdown (24th August 2000)
Chris Jericho
86.6%
Smackdown (14th September 2000)
Chris Jericho
86.6%
Raw (25th December 2000)
Chris Jericho
86.6%
Smackdown (28th December 2000)
Chris Jericho
86.6%
Raw (1st January 2001)
Chris Jericho
86.6%
Event
Wrestler
% Correct
Smackdown (11th January 2001)
Chris Jericho
86.6%
Raw (26th March 2001)
Chris Benoit
86.6%
Smackdown (12th April 2001)
Chris Jericho
86.6%
Smackdown (12th April 2001)
Chris Benoit
86.6%
Smackdown (3rd May 2001)
Chris Jericho
86.6%
Smackdown (18th May 2000)
Rikishi
80.4%
Raw (22nd May 2000)
Rikishi
80.4%
Judgment Day (21st May 2000)
Rikishi
80.4%
Smackdown (5th October 2000)
Rikishi
80.4%
Raw (22nd May 2000)
Scotty 2 Hotty
79.7%
Judgment Day (21st May 2000)
Scotty 2 Hotty
79.7%
Raw (29th May 2000)
Scotty 2 Hotty
79.7%
King of the Ring (25th June 2000)
Scotty 2 Hotty
79.7%
Raw (18th September 2000)
Scotty 2 Hotty
79.7%
Smackdown (5th October 2000)
Scotty 2 Hotty
79.7%
King of the Ring (25th June 2000)
Test
79.3%
Rebellion (2nd December 2000)
Test
79.3%
Raw (15th May 2000)
Faarooq
79%
Raw (10th July 2000)
Faarooq
79%
Raw (17th July 2000)
Faarooq
79%
Fully Loaded (23rd July 2000)
Faarooq
79%
Raw (7th August 2000)
Faarooq
79%
Raw (15th January 2001)
Faarooq
79%
Smackdown (1st Febuary 2001)
Faarooq
79%
Raw (15th May 2000)
Bradshaw
78.9%
Raw (10th July 2000)
Bradshaw
78.9%
Raw (17th July 2000)
Bradshaw
78.9%
Fully Loaded (23rd July 2000)
Bradshaw
78.9%
Raw (7th August 2000)
Bradshaw
78.9%
Raw (15th January 2001)
Bradshaw
78.9%
Smackdown (1st Febuary 2001)
Bradshaw
78.9%
Raw (22nd May 2000)
Grand Master Sexay
77.9%
Judgment Day (21st May 2000)
Grand Master Sexay
77.9%
Raw (29th May 2000)
Grand Master Sexay
77.9%
Smackdown (15th June 2000)
Grand Master Sexay
77.9%
King of the Ring (25th June 2000)
Grand Master Sexay
77.9%
Raw (18th September 2000)
Grand Master Sexay
77.9%
Smackdown (5th October 2000)
Grand Master Sexay
77.9%
Smackdown (25th May 2000)
Eddie Guerrero
77.7%
Smackdown (5th July 2000)
Eddie Guerrero
77.7%
Raw (2nd October 2000)
Christian
77.5%
Raw (21st August 2000)
X-Pac
76.4%
Raw (15th January 2001)
Stone Cold Steve Austin
76.4%
Insurrextion (5th May 2001)
X-Pac
76.4%
Raw (21st August 2000)
The Road Dogg
75.3%
Raw (4th December 2000)
The Road Dogg
75.3%
Smackdown (7th December 2000)
The Road Dogg
75.3%
Armageddon (10th December 2000)
The Road Dogg
75.3%
King of the Ring (25th June 2000)
Albert
74.1%
Rebellion (2nd December 2000)
Albert
74.1%
Smackdown (31st August 2000)
Lita
72.5%
Raw (13th November 2000)
Hardcore Holly
68.1%
Raw (13th November 2000)
Crash Holly
68.1%
Raw (16th April 2001)
Hardcore Holly
68.1%
Raw (16th April 2001)
Crash Holly
68.1%
Armageddon (10th December 2000)
The Goodfather
65.1%
Smackdown (25th May 2000)
Chyna
63.4%
Smackdown (5th July 2000)
Chyna
63.4%
Armageddon (10th December 2000)
Bull Buchanan
59.7%
Raw (2nd October 2000)
Steve Blackman
59.4%
Raw (4th December 2000)
K-Kwik
57.2%
Smackdown (7th December 2000)
K-Kwik
57.2%
Armageddon (10th December 2000)
K-Kwik
57.2%
Insurrextion (5th May 2001)
Justin Credible
54.8%
Raw (5th Febuary 2001)
Funaki
42.5%
Raw (5th Febuary 2001)
Taka Michinoku
37.5%
Quiz Playlist
Details
Report
Send in Message
Add To Playlist
Classic:
Type in answers that appear in a list
Last Updated: Jan 25, 2019
Quiz Scoreboard
CHALLENGE
Sign Up to Join the Scoreboard
Show All
Scores
Hide
Comments
May contain spoilers
Recently Published
Click the 1999 NBA Draft
by nibperrychub
Sports
2m
Alphabetical 'K' Countries by Flag Minefield
by ylime102
Geography
3m
Pick 6: Fruits
by JohnFran
Miscellaneous
15s
More to Explore
Quiz From the Vault
Featured Blog Post
15 Basketball Trivia Facts You Can Be March Mad About
hide this ad
You Might Also Like...
Tags
WWE Quiz
Edge
Event
Matching
opponent
PPV
Wrestlers
WWF
Today's Top Quizzes in Sports
Browse Sports
hide this ad
Today's Top Quizzes in WWE
Browse WWE
Top Contributed Quizzes in Sports
1
Les joueurs à 100 buts en Ligue 1 Uber Eats
2
Pick 6: NFL Teams
3
2022 World Cup Stars
4
MLB 2 truths and a lie: Hall of Fame pitchers
5
Millionaire: NBA Finals Edition
6
Pick 6: Minor League Baseball
7
Criteria MLB: Left Handed Sluggers
8
Click the 1998 NBA Draft
9
Pick 6: Olympics
10
Don't Strike Out: 3000 Strikeouts
Explore More
Trending Topics
Disney
Harry Potter
Crossword
Marvel
Anime
Kpop
NBA
Pokémon
Puzzle
WWE
NFL
Country
Song
Soccer
The Office
hide this ad
More By:
CosmoBrown
Quiz
Plays
Rating
Category
Featured
Created
Every WWE Royal Rumble Entrant Ever! (1988-2015)
94,350
3.67
Sports
May 17, 2011
Wrestlemania & Starrcade Wrestlers
50,670
4.40
Sports
Feb 23, 2011
Wrestlers to have beaten HHH in the WWE
12,419
3.68
Sports
Aug 17, 2011
Wrestlers to have beaten Steve Austin in the WWE
9,242
4.12
Sports
Aug 28, 2011
Wrestlers to have wrestled on both WWE and TNA PPVs
6,704
3.23
Sports
May 7, 2011
Go to Creator's Profile
Score Distribution
Quiz Creator Spotlight
CosmoBrown
Follow
Send a Message
Quizzes Created
-
Created Quiz Play Count
-
More By This Creator
Popular Quizzes Today
1
Countries of Asia Without Outlines Minefield
2
Find the US States - No Outlines Minefield
3
Pick 6: Fruits
4
Alphabetical 'K' Countries by Flag Minefield
5
The Countries of the World
6
Find the Countries of Europe - No Outlines Minefield
7
Find the US States
8
US States
More Sports Quizzes
⚽ Club Crests by City (Green) ⚽
Curator's Pick
Trending Quizzes
Pick 6: Mountains
Pick 6: Harry Potter
Pick 6: Flags
Pick 6: NFL Teams
Pick 6: Movie Franchises
Recently Updated
NWSL Teams
pecheneg
Women's Final Four Teams by Year
bhenderson79
Presidents Quartet II
eogle
Anything But Clue(do)
eogle
Anything But Oceanian Capitals
eogle
Anything But 7
eogle
Anything But Thing
eogle
Word Ladder: February 29
pecheneg
Song Title Questions
pecheneg
Women's NCAA Tournament #1 Seeds
pecheneg
Trending Topics
Anime
Kpop
Crossword
Marvel
Harry Potter
Disney
NBA
Puzzle
NFL
Pokémon
Country
Song
Soccer
WWE
The Office
Your Account Isn't Verified!
In order to create a playlist on Sporcle, you need to verify the email address you used during registration. Go to your
Sporcle Settings
to finish the process.
Report this User
Report this user for behavior that violates our
Community Guidelines
.
Details:
Send Report
Go to the Sporcle.com Mobile Site →
Comments